Vista normal
Vista MARC
Entrada Nombre personal
Número de registros utilizados en: 1
001 - NÚMERO DE CONTROL
- Campo de control: 43585
003 - IDENTIFICADOR DE NÚMERO DE CONTROL
- Campo de control: OSt
005 - FECHA Y HORA DE LA ULTIMA MODIFICACION
- Campo de control: 20190424090508.0
008 - ELEMENTOS DE DATOS DE LONGITUD FIJA
- Campo de longitud fija: 190424|| aca||aabn | a|a d
040 ## - FUENTE DE LA CATALOGACIÓN
- Agencia original de catalogación: OSt
100 1# - ENCABEZAMIENTO--NOMBRE DE PERSONA
- Nombre personal: Linares Figueroa, Cristy Yudira
670 ## - FUENTE DE DATOS ENCONTRADOS
- Fuente de citación: Proyecto, Programa de relaciones públicas para mejorar la fidelización de intermediarios comerciales del canal de distribución de Industrias Magaña L. en el Municipio de Santa Ana.-
670 ## - FUENTE DE DATOS ENCONTRADOS
- Fuente de citación: BMC.- 24-04-2019